000 00224nam a22000857a 4500
008 170601b xxu||||| |||| 00| 0 eng d
100 _93198
_aChakraborty. A. K
245 _aThe Story of Electrycity
260 _aNew Delhi
_bCBT
_c1985
999 _c6510
_d6510